000 00626nam a2200193 4500
999 _c164368
_d164368
005 20190516170544.0
010 _aENG-125204
020 _a9789383074204
_c895.00
035 _aEN-108736
037 _bDBAD/PUB
082 _a347.54
245 _aLandscapes of fear :
_bunderstanding impunity in India/
_ced. by Patrick Hoenig [and] Navsharan Singh
260 _aNew Delhi
_bZubban
_c2014
270 _a128B Shahpur Jat, 1st Floor
_bNew Delhi
_e110049
_mcontact@zubaanbooks.com
300 _axvi,698p.
_c22cm(Hb)
700 _aHoenig, Patrick
700 _aNavsharan Singh
942 _2ddc
_cEN
_h133.5
_mCHA